| 000 | 00425cam a2200181ua 4500 | ||
|---|---|---|---|
| 020 | _c4.00 | ||
| 041 |
_ahin _h |
||
| 082 |
_a891.54 _bDUS/AV |
||
| 100 | _aDushyant, Kumar . | ||
| 245 |
_aAvajom ki ghere / _cDushyant kumar. _hTextual Documents |
||
| 250 |
_a1 / _b. |
||
| 260 |
_aDelhi : _bRajkamal Prakashan , _c1963. |
||
| 300 | _a87 ; . | ||
| 365 | _a4.00 | ||
| 504 | _a | ||
| 942 | _cBK | ||
| 999 |
_c8351 _d8351 |
||